000 01125nam2a22002531 4500
001 v19\rc\1477726
005 20250618124712.0
035 _a(NLR Aleph) 004569687
090 _a2385501
_c2385501
100 _a20060620d1902 |||y0rusy50 ca
101 0 _arus
102 _aRU
105 _ay z |||||
200 1 _aОб отчетности и денежных средствах уездного земства
210 _d[1902]
_aБ. м.
215 _a17 с.
461 0 _1001v19\rc\1477566
_12001#$aДоклад Можайской уездной земской управы...$fМожайск. уезд. земское собрание$v1902 г. № 14
_92383416
_aМожайская уездная земская управа
_cМожайск
_d1878-1914
_fМожайск. уезд. земское собрание
_tДоклад Можайской уездной земской управы...
_v1902 г. № 14
801 0 _aRU
_bNLR
_gpsbo
801 0 _aRU
_bRuMoRGB
_2psbo
801 1 _aRU
_bProSoft-M
_2rusmarc
852 _aNLR
_bЗем
_j21-10/Д1
899 _aRuMoRGB (1879-1914*)
_jS 13/413
942 _cBOOK
980 _aNB